000 00413nam a2200169Ia 4500
005 20240703025449.0
008 240331s9999 xx 000 0 und d
020 _a041506452x
082 _bBUD
_a150
100 _aBudd, M
245 0 _aWittgenstein's philosophy of psychology
260 _aNew York
_bRoutledge
_c1991
300 _axiv, 186 p .,
650 _aPhilosophy
650 _aPsychology
942 _cL
999 _c2642
_d2642